Normal view
MARC view
Entry Personal Name
001 - CONTROL NUMBER
- control field: 23574
003 - CONTROL NUMBER IDENTIFIER
- control field: OSt
005 - DATE AND TIME OF LATEST TRANSACTION
- control field: 20230302072647.0
008 - FIXED-LENGTH DATA ELEMENTS
- fixed length control field: 230302|| aca||aabn | a|a d
040 ## - CATALOGING SOURCE
- Original cataloging agency: OSt
- Transcribing agency: OSt
100 ## - HEADING--PERSONAL NAME
- Personal name: Andrew David Hadfield
- Relator term: editor
670 ## - SOURCE DATA FOUND
- Source citation: Work cat.: (OSt)26904: Shakespeare, William 23570, Julius Caesar /, 2007